Misspelled African Capitals Quiz Stats

 Plays Quiz Updated Jul 12, 2017

Support Sporcle.
Go Orange.
Score 0/25 Timer 04:00
2 Plays Today
% Correct
Addis Aba
91.4%
Freeton
88.1%
Nirobi
84.2%
Kartoum
83.4%
Akra
83.2%
Mugadishu
83.2%
Rabbit
82.7%
Trippoli
82.5%
Campala
82.5%
Brazaville
80.9%
Goborone
80.3%
Kegali
79.2%
Bujumburra
76.8%
% Correct
Antanananarivo
76.5%
Mababane
76.2%
Morony
75.8%
Yawunde
74%
Nouachott
73.7%
Praya
69%
N'Djamane
68.8%
Luande
66.7%
Asmana
64.5%
Yamoussoukuro
62.5%
Port Lewis
61.1%
Dhaka
45.9%

You're not logged in!

Compare scores with friends on all Sporcle quizzes.
OR
Log In
Forgot?

From the Vault

'90s TV - Same Show, Different Face

by gingerlover

Nineties shows make us screech with delight.
Remove Ads.
Support Sporcle.
Get the best of Sporcle when you Go Orange. This ad-free experience offers more features, more stats, and more fun while also helping to support Sporcle. Thank you for becoming a member.

Show Comments

Extras

Top Quizzes Today


Score Distribution

Your Account Isn't Verified!

In order to create a playlist on Sporcle, you need to verify the email address you used during registration. Go to your Sporcle Settings to finish the process.

Report this User

Report this user for behavior that violates our Community Guidelines.

Details: